特急「ミュースカイ」の停車駅 - Statistics

General Stats
  • This quiz has been taken 154 times
  • The average score is 17 of 21
Answer Stats
停車駅 % Correct
名鉄名古屋
98%
名鉄岐阜
98%
中部国際空港
97%
金山
95%
犬山
93%
常滑
92%
神宮前
91%
名鉄一宮
91%
太田川
87%
新鵜沼
87%
岩倉
84%
犬山遊園
83%
新可児
81%
江南
76%
国府宮
75%
尾張横須賀
65%
日本ライン今渡
63%
新舞子
58%
朝倉
58%
西可児
45%
可児川
40%
No matching quizzes found
Score Distribution
Percent of People with Each Score
Percentile by Number Answered
Your Score History
You have not taken this quiz